[Event "Malakhatko Memorial op"]
[Site "Chess.com INT"]
[Date "2023.06.14"]
[Round "7"]
[White "Andriienko, Artom"]
[Black "Yeshchenko, Uliana"]
[Result "1-0"]
[WhiteElo "1848"]
[BlackElo "2073"]
[PlyCount "101"]
[EventDate "2023.06.14"]
[EventType "swiss (blitz)"]
[EventRounds "11"]
[EventCountry "USA"]
[SourceTitle "CBM 214 Extra"]
[Source "ChessBase"]
[SourceDate "2023.07.31"]
[SourceVersion "1"]
[SourceVersionDate "2023.07.31"]
[SourceQuality "1"]

1. e4 c5 2. Nf3 Nc6 3. Bb5 e6 4. 0-0 Nge7 5. c3 d5 6. exd5 Nxd5 7. Re1 Be7 8. d4 0-0 9. dxc5 Bxc5 10. Nbd2 Bxf2+ 11. Kxf2 Qb6+ 12. Kg3 Qxb5 13. c4 Qb6 14. cxd5 exd5 15. Nb3 Bf5 16. Qxd5 Bg6 17. Be3 Qc7+ 18. Bf4 Qb6 19. Qc5 Qa6 20. Ne5 Nxe5 21. Qxe5 h5 22. h4 Rae8 23. Qxe8 Rxe8 24. Rxe8+ Kh7 25. Nd2 Qd3+ 26. Nf3 f6 27. Re3 Qd7 28. Kh2 Qg4 29. Bg3 Qb4 30. b3 Qa3 31. Re2 Bd3 32. Rd2 Be4 33. Re1 Bxf3 34. gxf3 Qb4 35. Ree2 a5 36. Rc2 a4 37. Rc7 axb3 38. axb3 Qxb3 39. Kg2 b5 40. Ree7 Qb2+ 41. Bf2 f5 42. Rxg7+ Qxg7+ 43. Rxg7+ Kxg7 44. Kg3 Kf6 45. Kf4 Ke6 46. Bd4 b4 47. Kg5 b3 48. Bb2 Kd5 49. Kxf5 Kc4 50. Kg5 Kd3 51. Bh8 1-0

[Event "Malakhatko Memorial op"]
[Site "Chess.com INT"]
[Date "2023.06.14"]
[Round "6"]
[White "Utkin, Sergiy"]
[Black "Yeshchenko, Uliana"]
[Result "0-1"]
[WhiteElo "1938"]
[BlackElo "2073"]
[PlyCount "102"]
[EventDate "2023.06.14"]
[EventType "swiss (blitz)"]
[EventRounds "11"]
[EventCountry "USA"]
[SourceTitle "CBM 214 Extra"]
[Source "ChessBase"]
[SourceDate "2023.07.31"]
[SourceVersion "1"]
[SourceVersionDate "2023.07.31"]
[SourceQuality "1"]

1. e4 c5 2. Nc3 Nc6 3. Nf3 Nf6 4. d4 cxd4 5. Nxd4 e5 6. Ndb5 d6 7. Bg5 a6 8. Na3 b5 9. Nd5 Be7 10. Bxf6 Bxf6 11. c3 0-0 12. Nc2 Bg5 13. a4 bxa4 14. Rxa4 a5 15. Bc4 Rb8 16. b3 Bd7 17. Ra2 Be6 18. h4 Bh6 19. g4 Bxd5 20. Bxd5 Rc8 21. g5 Bxg5 22. hxg5 Qxg5 23. Ne3 g6 24. Qg4 Qe7 25. Nf5 Qf6 26. f3 Nb4 27. Rah2 Rxc3 28. Rxh7 Rc1+ 29. Ke2 Rxh1 30. Rxh1 Rb8 31. Rh6 Nxd5 32. exd5 Qxf5 33. Qxf5 gxf5 34. Rxd6 Rxb3 35. Ra6 Rb5 36. d6 Rd5 37. d7 Rxd7 38. Rxa5 Re7 39. Ke3 Kg7 40. Ra6 Re6 41. Ra7 Kf6 42. Ra5 Rb6 43. Ra3 Kg5 44. Rc3 Rb4 45. Ra3 f4+ 46. Kd3 Kf5 47. Ra5 Rb2 48. Ra3 Rf2 49. Kc4 f6 50. Kd5 Re2 51. Rd3 Re3 0-1

[Event "Malakhatko Memorial op"]
[Site "Chess.com INT"]
[Date "2023.06.14"]
[Round "5"]
[White "Yeshchenko, Uliana"]
[Black "Sakun, Volodymyr"]
[Result "0-1"]
[WhiteElo "2073"]
[BlackElo "2370"]
[PlyCount "170"]
[EventDate "2023.06.14"]
[EventType "swiss (blitz)"]
[EventRounds "11"]
[EventCountry "USA"]
[SourceTitle "CBM 214 Extra"]
[Source "ChessBase"]
[SourceDate "2023.07.31"]
[SourceVersion "1"]
[SourceVersionDate "2023.07.31"]
[SourceQuality "1"]

1. d4 e6 2. Nc3 d5 3. Bf4 Bb4 4. e3 Nf6 5. Nge2 Nbd7 6. a3 Bd6 7. h3 a6 8. g4 Qe7 9. Bg2 c6 10. Qd2 e5 11. dxe5 Nxe5 12. Bxe5 Bxe5 13. Nd4 0-0 14. 0-0 Rd8 15. b4 Bc7 16. Na4 Ne4 17. Qe1 Qd6 18. f4 Re8 19. Bxe4 Rxe4 20. Nc5 Re8 21. Qf2 b6 22. Ncb3 a5 23. bxa5 bxa5 24. a4 Ba6 25. Rfd1 Bb6 26. Kg2 Rad8 27. Rab1 c5 28. Nf5 Qf6 29. Qf3 Qc6 30. Kg3 Bc8 31. c4 Be6 32. Nd2 Bc7 33. Rb5 g6 34. Nh6+ Kg7 35. g5 Qd6 36. Nb3 Qe7 37. Nxc5 Qxg5+ 38. Ng4 h5 39. Nxe6+ Rxe6 40. Rb7 hxg4 41. Rxc7 gxf3+ 42. fxg5 Rxe3 43. cxd5 Ra3 44. d6 Rxa4 45. d7 Re4 46. Rc8 Rxd7 47. Rxd7 f2 48. Kxf2 Rf4+ 49. Kg3 Rf5 50. Rcc7 Rxg5+ 51. Kf4 Rf5+ 52. Ke4 Rf1 53. Ra7 g5 54. Rxa5 Kg6 55. Rd6+ f6 56. Ra8 Rf4+ 57. Ke3 Rf1 58. Rg8+ Kh7 59. Re8 Kg6 60. Rd7 Re1+ 61. Kf3 Rxe8 62. Ra7 Rb8 63. Ra5 Rb3+ 64. Kg2 Rb4 65. Kg3 Rf4 66. Rb5 Rf1 67. Kg2 Rf4 68. Kg3 Rf5 69. Rb8 Rd5 70. Rb3 Kh5 71. Rf3 f5 72. Rb3 f4+ 73. Kf3 Rd1 74. Kg2 Rd2+ 75. Kg1 Kh4 76. Rc3 Re2 77. Ra3 Re3 78. Ra8 Kxh3 79. Rh8+ Kg3 80. Kf1 f3 81. Rg8 g4 82. Rg7 Ra3 83. Ke1 Ra1+ 84. Kd2 f2 85. Rf7 f1Q 0-1

[Event "Kiev Shystariov Rapid"]
[Site "Kiev"]
[Date "2022.08.28"]
[Round "9"]
[White "Kislinsky, Alexey"]
[Black "Yeshchenko, Uliana"]
[Result "1-0"]
[WhiteElo "2364"]
[BlackElo "2161"]
[PlyCount "89"]
[EventDate "2022.08.27"]
[EventType "swiss (rapid)"]
[EventRounds "9"]
[EventCountry "UKR"]
[SourceTitle "CBM 209 Extra"]
[Source "ChessBase"]
[SourceDate "2022.09.30"]
[SourceVersion "1"]
[SourceVersionDate "2022.09.30"]
[SourceQuality "1"]

1. e4 c5 2. c3 d5 3. exd5 Qxd5 4. d4 Nf6 5. Nf3 Bg4 6. Nbd2 e6 7. h3 Bh5 8. Bc4 Qd8 9. Qb3 Qc8 10. Ne5 a6 11. g4 Bg6 12. g5 Nfd7 13. Nxg6 hxg6 14. Nf3 b5 15. Be2 c4 16. Qc2 Bd6 17. Be3 Nc6 18. h4 Ne7 19. Nd2 Nd5 20. Bf3 N7b6 21. Ne4 Be7 22. 0-0-0 Qc7 23. Kb1 a5 24. Ka1 b4 25. Nc5 Ra7 26. h5 Nxe3 27. fxe3 Bxc5 28. dxc5 Qxc5 29. Qe4 bxc3 30. bxc3 Nd5 31. hxg6 Rxh1 32. gxf7+ Kxf7 33. g6+ Ke7 34. Bxh1 Qxe3 35. Qh4+ Kd6 36. Qd8+ Rd7 37. Qxa5 Ra7 38. Qb4+ Ke5 39. Bxd5 exd5 40. a4 Kf6 41. Qd6+ Kg5 42. Rxd5+ Kg4 43. Rd4+ Kf5 44. Qc5+ Qe5 45. Rd5 1-0

[Event "Riga Tech Rapid op"]
[Site "Riga"]
[Date "2022.08.14"]
[Round "8"]
[White "Abergel, Thal"]
[Black "Yeshchenko, Uliana"]
[Result "1/2-1/2"]
[WhiteElo "2408"]
[BlackElo "2161"]
[PlyCount "143"]
[EventDate "2022.08.14"]
[EventType "swiss (rapid)"]
[EventRounds "9"]
[EventCountry "LAT"]
[SourceTitle "CBM 209 Extra"]
[Source "ChessBase"]
[SourceDate "2022.09.30"]
[SourceVersion "1"]
[SourceVersionDate "2022.09.30"]
[SourceQuality "1"]

1. e4 c5 2. Be2 Nc6 3. f4 e6 4. Nf3 d5 5. d3 Nf6 6. Nbd2 b5 7. 0-0 Bb7 8. c3 Qb6 9. e5 Ng4 10. Nb1 h5 11. h3 Nh6 12. Be3 Nf5 13. Bf2 h4 14. Qe1 Be7 15. b4 d4 16. Kh2 cxb4 17. cxd4 Ncxd4 18. Nbd2 Bc5 19. Rc1 Ng3 20. Rxc5 Nxf1+ 21. Bxf1 Qxc5 22. Bxd4 Qc7 23. Ng5 Rc8 24. Nde4 Bxe4 25. dxe4 a6 26. Be3 Qc3 27. Bd2 Qb2 28. Bd3 Rd8 29. Qe2 Qd4 30. Bxb5+ axb5 31. Qxb5+ Qd7 32. Qxd7+ Rxd7 33. Bxb4 Rb7 34. Bd6 Kd7 35. Nxf7 Rc8 36. Ng5 Rc2 37. Nf3 Rxa2 38. Nxh4 Rb3 39. f5 Re3 40. Ng6 Ree2 41. Nf4 Rxe4 42. Nxe6 Ree2 43. Nf4 Rf2 44. Kg3 Rf1 45. Bb8 Ra3+ 46. Kg4 Ra4 47. e6+ Ke8 48. g3 Ra3 49. Be5 Rg1 50. Nh5 Ra4+ 51. Kg5 Ra5 52. Nxg7+ Kf8 53. e7+ Kxe7 54. Bf4 Rb1 55. h4 Rd5 56. h5 Rb6 57. h6 Kf7 58. Nh5 Rbb5 59. g4 Rb6 60. Ng3 Rb4 61. Ne2 Rd8 62. Bc1 Rg8+ 63. Kh5 Rgxg4 64. f6 Rh4+ 65. Kg5 Rbg4+ 66. Kf5 Rg6 67. Nf4 Rxf6+ 68. Kg5 Rh1 69. Be3 Re1 70. Bd4 Rxf4 71. Kxf4 Kg6 72. Bg7 1/2-1/2

[Event "Riga Tech Rapid op"]
[Site "Riga"]
[Date "2022.08.14"]
[Round "5"]
[White "Juknis, Paulius"]
[Black "Yeshchenko, Uliana"]
[Result "0-1"]
[WhiteElo "2167"]
[BlackElo "2161"]
[PlyCount "125"]
[EventDate "2022.08.14"]
[EventType "swiss (rapid)"]
[EventRounds "9"]
[EventCountry "LAT"]
[SourceTitle "CBM 209 Extra"]
[Source "ChessBase"]
[SourceDate "2022.09.30"]
[SourceVersion "1"]
[SourceVersionDate "2022.09.30"]
[SourceQuality "1"]

1. e4 c5 2. Nc3 Nc6 3. Bb5 Nd4 4. Nf3 a6 5. Bd3 b5 6. Nxd4 cxd4 7. Ne2 e5 8. c3 dxc3 9. dxc3 Nf6 10. 0-0 Be7 11. Ng3 0-0 12. Nf5 d5 13. Nxe7+ Qxe7 14. exd5 e4 15. Re1 Bb7 16. Bg5 Bxd5 17. Bxf6 Qxf6 18. Bxe4 Bxe4 19. Rxe4 Rfd8 20. Qe2 h6 21. h3 Rab8 22. Rd1 Rxd1+ 23. Qxd1 Rd8 24. Qe2 Qc6 25. Kh2 Kh7 26. Re7 Qd6+ 27. g3 Qd5 28. b3 Rd6 29. Re3 Rf6 30. c4 bxc4 31. bxc4 Qc5 32. Qd3+ g6 33. Kg2 Rd6 34. Qe2 Qc6+ 35. Kg1 Rd4 36. Rc3 Qd7 37. Qf3 Kg8 38. Kg2 Qc7 39. c5 Rd2 40. a3 Rb2 41. Qa8+ Kg7 42. Qxa6 Qe5 43. Qd3 Qe1 44. Qd4+ Kg8 45. Rf3 Rd2 46. Qf6 Qe8 47. c6 Rc2 48. Re3 Qxc6+ 49. Qxc6 Rxc6 50. Kf3 Rc4 51. Rb3 Kf8 52. Ke3 Rc2 53. a4 Ra2 54. Rb4 Ke7 55. h4 h5 56. Rf4 Ke6 57. Kd3 f6 58. Kc3 g5 59. hxg5 fxg5 60. Kb3 Rd2 61. Rf3 h4 62. gxh4 gxh4 63. Kc4 0-1

[Event "Titled Tuesday intern op 12th Jul Late"]
[Site "Chess.com INT"]
[Date "2022.07.12"]
[Round "6"]
[White "Brodowski, Piotr"]
[Black "Yeshchenko, Uliana"]
[Result "1-0"]
[WhiteElo "2450"]
[BlackElo "2097"]
[PlyCount "79"]
[EventDate "2022.07.12"]
[EventType "swiss (blitz)"]
[EventRounds "11"]
[EventCountry "USA"]
[SourceTitle "EXT 2023"]
[Source "ChessBase"]
[SourceDate "2022.10.05"]
[SourceVersion "1"]
[SourceVersionDate "2022.10.05"]
[SourceQuality "1"]

1. c4 e6 2. Nf3 d5 3. e3 Nf6 4. Nc3 c6 5. b3 Nbd7 6. Qc2 Bd6 7. Bb2 0-0 8. Be2 a6 9. g4 Nxg4 10. Rg1 Nge5 11. Ng5 g6 12. f4 Be7 13. Nh3 Bh4+ 14. Kd1 dxc4 15. bxc4 Nxc4 16. Bxc4 Nb6 17. Bd3 e5 18. Bxg6 fxg6 19. Rxg6+ Kf7 20. Ng5+ Bxg5 21. Rxg5 Be6 22. Qxh7+ Ke8 23. Rxe5 Qd6 24. Ne4 Qd7 25. Qxd7+ Kxd7 26. Nc5+ Kd6 27. Rxe6+ Kxc5 28. Bd4+ Kd5 29. Re5+ Kd6 30. Bxb6 Rh8 31. Kc2 Rxh2 32. Rg1 Rh7 33. Bc5+ Kd7 34. Reg5 Re8 35. Rg7+ Rxg7 36. Rxg7+ Kc8 37. Bd4 Rd8 38. f5 Rd5 39. f6 Rf5 40. f7 1-0

[Event "Titled Tuesday intern op 12th Jul Late"]
[Site "Chess.com INT"]
[Date "2022.07.12"]
[Round "9"]
[White "Munoz, Francisco Javier"]
[Black "Yeshchenko, Uliana"]
[Result "0-1"]
[WhiteElo "2389"]
[BlackElo "2097"]
[PlyCount "98"]
[EventDate "2022.07.12"]
[EventType "swiss (blitz)"]
[EventRounds "11"]
[EventCountry "USA"]
[SourceTitle "EXT 2023"]
[Source "ChessBase"]
[SourceDate "2022.10.05"]
[SourceVersion "1"]
[SourceVersionDate "2022.10.05"]
[SourceQuality "1"]

1. e4 c6 2. Nc3 d5 3. exd5 cxd5 4. d4 Nf6 5. Bf4 a6 6. Bd3 Nc6 7. Nge2 Bg4 8. h4 Bh5 9. Qd2 e6 10. f3 Bg6 11. g4 Bxd3 12. Qxd3 Nb4 13. Qd2 Bd6 14. a3 Nc6 15. g5 Nh5 16. 0-0-0 b5 17. Bxd6 Qxd6 18. f4 Ne7 19. Kb1 0-0 20. Rdf1 Nf5 21. Rh3 Rfb8 22. Nd1 b4 23. a4 b3 24. Rxb3 Rxb3 25. cxb3 Rb8 26. Rf3 g6 27. Qc3 Nxh4 28. Rf1 Nf5 29. Ka2 Qd7 30. Ne3 Rc8 31. Nxf5 Rxc3 32. Nh6+ Kg7 33. Nxc3 Qc7 34. Ng4 Qb6 35. Rd1 Nxf4 36. Ne5 Nh3 37. Nf3 Nf2 38. Rf1 Nd3 39. Rd1 Nb4+ 40. Kb1 h6 41. gxh6+ Kxh6 42. Ne5 Kg7 43. Ne2 f6 44. Nf3 g5 45. Nc3 Qc7 46. Re1 Qg3 47. Re3 Qf2 48. Nxd5 Qc2+ 49. Ka1 Qc1# 0-1

[Event "Titled Tuesday intern op 12th Jul Late"]
[Site "Chess.com INT"]
[Date "2022.07.12"]
[Round "2"]
[White "Santos, Jose Guilherme B Li"]
[Black "Yeshchenko, Uliana"]
[Result "0-1"]
[WhiteElo "2361"]
[BlackElo "2097"]
[PlyCount "106"]
[EventDate "2022.07.12"]
[EventType "swiss (blitz)"]
[EventRounds "11"]
[EventCountry "USA"]
[SourceTitle "EXT 2023"]
[Source "ChessBase"]
[SourceDate "2022.10.05"]
[SourceVersion "1"]
[SourceVersionDate "2022.10.05"]
[SourceQuality "1"]

1. e4 c6 2. d4 d5 3. e5 c5 4. dxc5 e6 5. a3 Bxc5 6. b4 Be7 7. Qg4 g6 8. Nf3 h5 9. Qf4 a5 10. b5 Nd7 11. h4 Nh6 12. Bb2 Nf5 13. Nbd2 Qc7 14. Bd3 Nc5 15. Be2 Bd7 16. Rc1 Qb6 17. a4 Rc8 18. 0-0 Kf8 19. g3 Kg7 20. Nd4 Nh6 21. N4b3 Rhd8 22. Nxc5 Bxc5 23. Nb3 Be7 24. Bd4 Qc7 25. c4 dxc4 26. Bxc4 Qb8 27. Bb6 Nf5 28. Nxa5 Re8 29. Nb3 Ba3 30. Ra1 Bb4 31. Rad1 Bc3 32. Rxd7 Bxe5 33. Qe4 Bxg3 34. fxg3 Qxg3+ 35. Qg2 Qxh4 36. Rxb7 Rxc4 37. Bf2 Qf6 38. Re1 Rg4 39. Bg3 Rxg3 40. b6 Rxg2+ 41. Kxg2 Qb2+ 42. Kf1 Qxb3 43. a5 Qb5+ 44. Kg1 Qxa5 45. Rb1 Qc5+ 46. Kh1 Qc6+ 47. Kh2 Qxb7 48. Rb2 Rc8 49. Rg2 Rc6 50. Rd2 Rxb6 51. Rg2 Rb2 52. Rd2 Rxd2+ 53. Kh3 Qf3# 0-1

[Event "Titled Tuesday intern op 12th Jul Late"]
[Site "Chess.com INT"]
[Date "2022.07.12"]
[Round "1"]
[White "Sargsyan, Anna M"]
[Black "Yeshchenko, Uliana"]
[Result "1-0"]
[WhiteElo "2378"]
[BlackElo "2097"]
[PlyCount "81"]
[EventDate "2022.07.12"]
[EventType "swiss (blitz)"]
[EventRounds "11"]
[EventCountry "USA"]
[SourceTitle "EXT 2023"]
[Source "ChessBase"]
[SourceDate "2022.10.05"]
[SourceVersion "1"]
[SourceVersionDate "2022.10.05"]
[SourceQuality "1"]

1. d4 d5 2. c4 e6 3. Nf3 c6 4. e3 Nf6 5. Nc3 Nbd7 6. Bd3 a6 7. 0-0 dxc4 8. Bxc4 b5 9. Bd3 Bb7 10. Qe2 c5 11. a4 b4 12. Nb1 Be7 13. Rd1 Qc7 14. Nbd2 0-0 15. Nc4 cxd4 16. exd4 Nb6 17. Nce5 Rfd8 18. a5 Nbd5 19. Ng5 Rf8 20. Nexf7 Rxf7 21. Qxe6 Raf8 22. Nxf7 Rxf7 23. Bxa6 Bxa6 24. Qxa6 Ng4 25. Qa8+ Bf8 26. Qxd5 Qxh2+ 27. Kf1 Nxf2 28. Qxf7+ Kxf7 29. Kxf2 Bd6 30. Be3 Qh4+ 31. Ke2 Qg4+ 32. Kd3 Qf5+ 33. Kd2 b3 34. Rf1 Bb4+ 35. Ke2 Ke6 36. Rxf5 Kxf5 37. a6 h5 38. a7 g5 39. a8Q Kg4 40. Qf3+ Kh4 41. Qh3# 1-0

[Event "Titled Tuesday intern op 12th Jul Late"]
[Site "Chess.com INT"]
[Date "2022.07.12"]
[Round "8"]
[White "Yeshchenko, Uliana"]
[Black "Fecker, Noah"]
[Result "0-1"]
[WhiteElo "2097"]
[BlackElo "2387"]
[PlyCount "100"]
[EventDate "2022.07.12"]
[EventType "swiss (blitz)"]
[EventRounds "11"]
[EventCountry "USA"]
[SourceTitle "EXT 2023"]
[Source "ChessBase"]
[SourceDate "2022.10.05"]
[SourceVersion "1"]
[SourceVersionDate "2022.10.05"]
[SourceQuality "1"]

1. d4 e6 2. c4 Nf6 3. Nc3 d5 4. cxd5 exd5 5. Bg5 c6 6. e3 h6 7. Bh4 Bf5 8. Qf3 Qd7 9. Bxf6 gxf6 10. h3 h5 11. g3 Bb4 12. Bg2 Be4 13. Qxf6 Bxg2 14. Qxh8+ Ke7 15. Qe5+ Qe6 16. Qxe6+ fxe6 17. Rh2 Be4 18. 0-0-0 Bxc3 19. bxc3 Nd7 20. f3 Bg6 21. Ne2 Rh8 22. Nf4 Bf5 23. Rdd2 e5 24. Nd3 e4 25. fxe4 Bxe4 26. Nf4 Nf6 27. Rb2 b5 28. a4 a6 29. axb5 axb5 30. Ra2 Rg8 31. Ra7+ Kd6 32. g4 hxg4 33. hxg4 Nxg4 34. Rh4 c5 35. Ra6+ Kd7 36. Nh5 Kc7 37. dxc5 Nxe3 38. Nf6 Rg1+ 39. Kd2 Nc4+ 40. Ke2 Rg2+ 41. Ke1 Rg1+ 42. Kf2 Rg2+ 43. Kf1 Ne3+ 44. Ke1 Nc2+ 45. Kf1 Ne3+ 46. Ke1 Bd3 47. Nxd5+ Nxd5 48. Rd4 Re2+ 49. Kd1 Nxc3+ 50. Kc1 Rc2# 0-1

[Event "Titled Tuesday intern op 12th Jul Late"]
[Site "Chess.com INT"]
[Date "2022.07.12"]
[Round "7"]
[White "Yeshchenko, Uliana"]
[Black "Tanaka, Taira Tyler"]
[Result "1-0"]
[WhiteElo "2097"]
[BlackElo "2242"]
[PlyCount "105"]
[EventDate "2022.07.12"]
[EventType "swiss (blitz)"]
[EventRounds "11"]
[EventCountry "USA"]
[SourceTitle "EXT 2023"]
[Source "ChessBase"]
[SourceDate "2022.10.05"]
[SourceVersion "1"]
[SourceVersionDate "2022.10.05"]
[SourceQuality "1"]

1. d4 Nf6 2. c4 e6 3. Nc3 Bb4 4. e3 0-0 5. Bd3 d5 6. Nf3 c5 7. cxd5 Nxd5 8. 0-0 Nxc3 9. bxc3 Bxc3 10. Bxh7+ Kxh7 11. Qd3+ Kg8 12. Qxc3 cxd4 13. Nxd4 Nd7 14. Bb2 Nf6 15. Rfd1 Qe7 16. Ba3 Qe8 17. Bxf8 Qxf8 18. Nb5 Bd7 19. Nd6 Bc6 20. Rab1 Rd8 21. Nc4 Rc8 22. Qa3 Qxa3 23. Nxa3 Nd5 24. Rdc1 f5 25. Nb5 a6 26. Nd4 Bd7 27. Rxc8+ Bxc8 28. Rc1 Bd7 29. f3 e5 30. Nxf5 Bxf5 31. e4 Nf4 32. Rc7 Be6 33. a4 b5 34. axb5 axb5 35. Rc5 b4 36. Rxe5 b3 37. Rb5 Nd3 38. Kf1 b2 39. Ke2 Nc1+ 40. Kd2 Bb3 41. Rxb3 Nxb3+ 42. Kc2 Nd2 43. Kxb2 Kf7 44. Kc3 Nf1 45. h3 Ne3 46. g3 Nf1 47. g4 g5 48. Kd3 Kf6 49. Ke2 Nh2 50. Kf2 Ke5 51. Kg2 Kf4 52. Kxh2 Kxf3 53. e5 1-0

[Event "Titled Tuesday intern op 05th Jul Early"]
[Site "Chess.com INT"]
[Date "2022.07.05"]
[Round "5"]
[White "Yeshchenko, Uliana"]
[Black "Wanyama, Harold"]
[Result "0-1"]
[WhiteElo "2097"]
[BlackElo "2242"]
[PlyCount "78"]
[EventDate "2022.07.05"]
[EventType "swiss (blitz)"]
[EventRounds "11"]
[EventCountry "USA"]
[SourceTitle "CBM 209 Extra"]
[Source "ChessBase"]
[SourceDate "2022.09.30"]
[SourceVersion "1"]
[SourceVersionDate "2022.09.30"]
[SourceQuality "1"]

1. d4 d5 2. c4 e6 3. Nc3 Nf6 4. cxd5 exd5 5. Bg5 Be7 6. e3 c6 7. Qc2 Nbd7 8. Bd3 Nf8 9. Nf3 Ne6 10. Bh4 g6 11. Ne5 Ng7 12. 0-0 Nf5 13. Bg5 0-0 14. Rad1 Be6 15. Qe2 Rc8 16. a3 Re8 17. h3 Nd6 18. f4 Nfe4 19. Bxe7 Qxe7 20. Kh2 f6 21. Nf3 Bf7 22. Rfe1 Rc7 23. g4 Qd8 24. Qg2 Rce7 25. g5 Nxc3 26. bxc3 Rxe3 27. Rf1 Ne4 28. f5 fxg5 29. fxg6 Bxg6 30. Ne5 Qc7 31. Kh1 Rxe5 32. dxe5 Qxe5 33. Kg1 Rg3 34. Bxe4 Bxe4 35. Rd2 Qxc3 36. Rff2 Bxg2 37. Rxg2 Qe3+ 38. Kh1 Rxh3+ 39. Rh2 Qxd2 0-1

[Event "Titled Tuesday intern op 07th Jun Late"]
[Site "Chess.com INT"]
[Date "2022.06.07"]
[Round "8"]
[White "Castro Silva, Moises Antonio"]
[Black "Yeshchenko, Uliana"]
[Result "0-1"]
[WhiteElo "2237"]
[BlackElo "2097"]
[PlyCount "60"]
[EventDate "2022.06.07"]
[EventType "swiss (blitz)"]
[EventRounds "11"]
[EventCountry "USA"]
[SourceTitle "CBM 208 Extra"]
[Source "ChessBase"]
[SourceDate "2022.07.31"]
[SourceVersion "1"]
[SourceVersionDate "2022.07.31"]
[SourceQuality "1"]

1. e4 c6 2. d4 d5 3. Nc3 dxe4 4. Nxe4 Nf6 5. Nxf6+ exf6 6. c3 Bd6 7. Bd3 0-0 8. Qc2 Re8+ 9. Ne2 h5 10. Be3 Nd7 11. 0-0-0 Nf8 12. Kb1 a5 13. c4 a4 14. Nc3 a3 15. b3 Bg4 16. Rde1 Qa5 17. h3 Bd7 18. Bd2 Bb4 19. Ne4 Ne6 20. Bxb4 Qxb4 21. Rd1 Nxd4 22. Nxf6+ Kh8 23. Qd2 Qxd2 24. Rxd2 gxf6 25. c5 Rad8 26. Rhd1 Be6 27. f4 Bd5 28. Bf1 Nf5 29. g4 Ne3 30. Re2 Be4+ 0-1

[Event "Titled Tuesday intern op 31st May Late"]
[Site "Chess.com INT"]
[Date "2022.05.31"]
[Round "1"]
[White "Yeshchenko, Uliana"]
[Black "Suder, Jakub"]
[Result "0-1"]
[WhiteElo "2097"]
[BlackElo "2306"]
[PlyCount "118"]
[EventDate "2022.05.31"]
[EventType "swiss (blitz)"]
[EventRounds "11"]
[EventCountry "USA"]
[SourceTitle "CBM 208 Extra"]
[Source "ChessBase"]
[SourceDate "2022.07.31"]
[SourceVersion "1"]
[SourceVersionDate "2022.07.31"]
[SourceQuality "1"]

1. d4 d5 2. c4 e6 3. Nc3 a6 4. cxd5 exd5 5. Bf4 c6 6. Nf3 Nf6 7. e3 Bd6 8. Bg5 Nbd7 9. Bd3 0-0 10. Qc2 Qc7 11. h3 h6 12. Bxf6 Nxf6 13. 0-0 Be6 14. e4 dxe4 15. Nxe4 Nxe4 16. Bxe4 Rad8 17. Rad1 Be7 18. Ne5 Qb6 19. Nc4 Qb5 20. b3 Bf6 21. a4 Qh5 22. Bf3 Qg5 23. Qc3 Bxh3 24. Bxc6 bxc6 25. Qxh3 Bxd4 26. Qf3 c5 27. Qc6 Qf6 28. Qxf6 Bxf6 29. Nb6 Bd4 30. Rc1 Rd6 31. a5 Re8 32. g3 Re2 33. Rce1 Bxf2+ 34. Rxf2 Rxe1+ 35. Kg2 Re3 36. Nc4 Rdd3 37. Nxe3 Rxe3 38. Rc2 Rxb3 39. Rxc5 Ra3 40. Kh3 Ra4 41. Kg2 g6 42. Kf3 Kg7 43. Ke3 Ra3+ 44. Kd4 Rxg3 45. Rc6 Ra3 46. Rxa6 h5 47. Ke4 f6 48. Kf4 Ra4+ 49. Kg3 g5 50. Ra8 Kg6 51. a6 Kf5 52. Kg2 h4 53. a7 Ra3 54. Kh2 Kg4 55. Kg2 f5 56. Kh2 f4 57. Kg2 Ra2+ 58. Kg1 h3 59. Kh1 Kg3 0-1

[Event "Titled Tuesday intern op 31st May Late"]
[Site "Chess.com INT"]
[Date "2022.05.31"]
[Round "5"]
[White "Yeshchenko, Uliana"]
[Black "Vusatiuk, Vladimir"]
[Result "1-0"]
[WhiteElo "2097"]
[BlackElo "2308"]
[PlyCount "61"]
[EventDate "2022.05.31"]
[EventType "swiss (blitz)"]
[EventRounds "11"]
[EventCountry "USA"]
[SourceTitle "CBM 208 Extra"]
[Source "ChessBase"]
[SourceDate "2022.07.31"]
[SourceVersion "1"]
[SourceVersionDate "2022.07.31"]
[SourceQuality "1"]

1. e4 c5 2. Nc3 e6 3. g3 h5 4. h4 Nh6 5. Bg2 Nc6 6. Nf3 Ng4 7. 0-0 Be7 8. Re1 d6 9. d4 cxd4 10. Nxd4 g5 11. hxg5 Bxg5 12. Bxg5 Qxg5 13. Nxc6 bxc6 14. Qxd6 Bd7 15. Qf4 Qg7 16. Rad1 0-0-0 17. e5 h4 18. Qa4 hxg3 19. fxg3 Nxe5 20. Qa6+ Kb8 21. Re4 Nf3+ 22. Bxf3 Qxg3+ 23. Bg2 Qh2+ 24. Kf1 Rh4 25. Rxh4 Qxh4 26. Qa4 Qf6+ 27. Kg1 Qe5 28. Qb4+ Kc8 29. Na4 Qe3+ 30. Kf1 Rg8 31. Qd2 1-0

[Event "Speed Chess (Women) Q2"]
[Site "Chess.com INT"]
[Date "2022.05.26"]
[Round "13"]
[White "Dauletova, Gulmira"]
[Black "Yeshchenko, Uliana"]
[Result "1-0"]
[WhiteElo "2220"]
[BlackElo "2097"]
[PlyCount "75"]
[EventDate "2022.05.26"]
[EventType "swiss (blitz)"]
[EventRounds "14"]
[EventCountry "USA"]
[SourceTitle "CBM 208 Extra"]
[Source "ChessBase"]
[SourceDate "2022.07.31"]
[SourceVersion "1"]
[SourceVersionDate "2022.07.31"]
[SourceQuality "1"]

1. d4 d5 2. Bf4 Nf6 3. e3 c5 4. dxc5 Nc6 5. Nf3 Bg4 6. Bb5 Qa5+ 7. Nc3 e6 8. Qd4 Bxf3 9. gxf3 a6 10. Bxc6+ bxc6 11. b4 Qd8 12. 0-0 Be7 13. Be5 h5 14. Kh1 h4 15. Rg1 Kf8 16. Rad1 Ra7 17. Qf4 Rb7 18. a3 a5 19. Ne4 Nh5 20. Qg4 Rh7 21. Nd6 Ra7 22. f4 Qd7 23. f5 exf5 24. Qxf5 Bxd6 25. Qxd7 Rxd7 26. Bxd6+ Ke8 27. e4 Nf6 28. exd5 Nxd5 29. c4 Nc3 30. Rd3 axb4 31. axb4 Na4 32. Re1+ Kd8 33. Ra3 Ra7 34. b5 cxb5 35. cxb5 Rh5 36. b6 Ra6 37. b7 Kd7 38. b8Q 1-0

[Event "Speed Chess (Women) Q2"]
[Site "Chess.com INT"]
[Date "2022.05.26"]
[Round "12"]
[White "Yeshchenko, Uliana"]
[Black "Degrande, Marigje"]
[Result "1-0"]
[WhiteElo "2097"]
[BlackElo "1943"]
[PlyCount "69"]
[EventDate "2022.05.26"]
[EventType "swiss (blitz)"]
[EventRounds "14"]
[EventCountry "USA"]
[SourceTitle "CBM 208 Extra"]
[Source "ChessBase"]
[SourceDate "2022.07.31"]
[SourceVersion "1"]
[SourceVersionDate "2022.07.31"]
[SourceQuality "1"]

1. d4 Nf6 2. c4 c5 3. d5 e6 4. Nc3 exd5 5. cxd5 d6 6. e4 g6 7. f4 Bg7 8. Bb5+ Nfd7 9. a4 0-0 10. Nf3 Na6 11. 0-0 Nb4 12. Re1 a6 13. Bf1 Re8 14. h3 Nf6 15. Bc4 h6 16. e5 dxe5 17. fxe5 Nh5 18. g4 Ng3 19. Kg2 Nf5 20. gxf5 Bxf5 21. Bf4 Nc2 22. Qd2 Nxa1 23. Rxa1 Qb6 24. b3 Rad8 25. Bxh6 Qb4 26. Bxg7 Kxg7 27. Rd1 Rh8 28. Ng5 Qb6 29. Qe3 Rde8 30. d6 Be6 31. Bxe6 fxe6 32. Rf1 Qc6+ 33. Nce4 Rhf8 34. Rxf8 Kxf8 35. Qf4+ 1-0